[Event "SR 4. liga A21 2008/2009"]
[Site "?"]
[Date "2009.01.18"]
[Round "7.5"]
[White "Bartos, Bohumil"]
[Black "Kyselica, Jozef"]
[Result "1-0"]
[WhiteElo "1570"]
[BlackElo "1544"]
[PlyCount "119"]
[EventDate "2008.??.??"]

1. e4 c5 2. Nf3 Nc6 3. d4 cxd4 4. Nxd4 d6 5. Nc3 Nf6 6. Be2 e6 7. Bg5 Be7 8.
O-O O-O 9. Qd2 a6 10. Rad1 Qc7 11. Nxc6 Qxc6 12. Bf3 e5 13. Bxf6 Bxf6 14. Qxd6
Qxd6 15. Rxd6 Be6 16. b3 Be7 17. Rd3 Rfd8 18. Rxd8+ Rxd8 19. Rd1 g6 20. Rxd8+
Bxd8 21. Nd5 f5 22. c4 b6 23. h3 h5 24. exf5 Bxf5 25. Ne3 Be6 26. Bd5 Kf7 27.
g3 Ke7 28. Kg2 Kd6 29. Bxe6 Kxe6 30. Kf3 Be7 31. g4 h4 32. Nd5 Bd8 33. Ke4 Kd6
34. f4 exf4 35. Nxf4 g5 36. Nd5 b5 37. cxb5 axb5 38. a4 bxa4 39. bxa4 Ke6 40.
Kd4 Ba5 41. Ne3 Bb6+ 42. Ke4 Bd8 43. Nc4 Kd7 44. Kf5 Kc6 45. Nd2 Kc5 46. Ne4+
Kb4 47. Nxg5 Kxa4 48. Nf3 Kb5 49. g5 Ba5 50. Nxh4 Kc6 51. Nf3 Kd7 52. h4 Ke7
53. g6 Bc3 54. h5 Bg7 55. Ng5 Bh6 56. Nf7 Bg7 57. h6 Bc3 58. h7 Kf8 59. h8=Q+
Bxh8 60. Nxh8 1-0

[Event "SR 4. liga A21 2008/2009"]
[Site "?"]
[Date "2009.01.18"]
[Round "7.5"]
[White "Dedacek, Miroslav"]
[Black "Hrubsa, Marian"]
[Result "0-1"]
[WhiteElo "1630"]
[BlackElo "1909"]
[PlyCount "64"]
[EventDate "2008.??.??"]

1. e4 e6 2. d4 d5 3. e5 c5 4. c3 Nc6 5. Bb5 Qb6 6. Bxc6+ bxc6 7. f4 cxd4 8.
cxd4 Ne7 9. Ne2 Ba6 10. Nbc3 Nf5 11. Na4 Bb4+ 12. Bd2 Qa5 13. Nac3 Qb6 14. a3
Be7 15. Na4 Qb5 16. Bc3 Ne3 17. Qd2 Nxg2+ 18. Kf2 Nh4 19. Qc2 Nf5 20. b4 O-O
21. Nc5 Bxc5 22. bxc5 Qd3 23. Qxd3 Bxd3 24. Ng3 Nh4 25. Ke3 Bg6 26. Ra2 Rab8
27. Rg1 Rb3 28. Rc1 Rfb8 29. Kf2 h6 30. Bb4 Rf3+ 31. Ke1 Rxf4 32. Rd2 Nf3+ 0-1

[Event "SR 4. liga A21 2008/2009"]
[Site "?"]
[Date "2009.01.18"]
[Round "7.5"]
[White "Kicinja, Jan"]
[Black "Kubis, Ivan"]
[Result "1/2-1/2"]
[WhiteElo "1806"]
[BlackElo "2042"]
[PlyCount "92"]
[EventDate "2008.??.??"]

1. d4 Nf6 2. c4 e6 3. Nc3 Bb4 4. Bd2 O-O 5. e3 c5 6. a3 Bxc3 7. Bxc3 Ne4 8. Qc2
Nxc3 9. Qxc3 b6 10. Be2 Bb7 11. Bf3 Nc6 12. d5 exd5 13. Bxd5 Rb8 14. Nf3 Qe7
15. O-O d6 16. Rfd1 Ne5 17. Bxb7 Rxb7 18. Nxe5 Qxe5 19. Qxe5 dxe5 20. Rd5 Re8
21. Rad1 Kf8 22. e4 f6 23. f3 Ke7 24. Kf2 Rc8 25. R1d2 Rcc7 26. Rc2 a5 27. b3
g6 28. Rb2 b5 29. cxb5 Rxb5 30. a4 Rb4 31. Rc2 c4 32. Rb5 c3 33. Ke3 Ke6 34.
Rxa5 Rxb3 35. Rb5 Ra3 36. a5 Ra7 37. Rb6+ Ke7 38. a6 R3xa6 39. Rxa6 Rxa6 40.
Kd3 f5 41. Rxc3 Kf6 42. Rc2 g5 43. exf5 Kxf5 44. Ke3 h5 45. h3 h4 46. Kf2 Ra4
1/2-1/2

[Event "SR 4. liga A21 2008/2009"]
[Site "?"]
[Date "2009.01.18"]
[Round "7.5"]
[White "Vach, Jozef"]
[Black "Kurinec, Jozef"]
[Result "1/2-1/2"]
[WhiteElo "1917"]
[BlackElo "1757"]
[PlyCount "98"]
[EventDate "2008.??.??"]

1. d4 Nf6 2. Nf3 d5 3. c4 Bf5 4. Nc3 e6 5. e3 Nbd7 6. Be2 Bd6 7. O-O dxc4 8.
Bxc4 c6 9. Re1 Nb6 10. Bb3 Bg4 11. e4 Be7 12. Be3 O-O 13. Rc1 Bb4 14. Bc2 Nc4
15. Rb1 Qa5 16. Qd3 Nxb2 17. Rxb2 Bxc3 18. Bd2 Bxd2 19. Nxd2 b6 20. Reb1 Qg5
21. Nf1 Rfd8 22. Qc3 Rac8 23. f3 Bh5 24. g3 c5 25. f4 Qh6 26. dxc5 Rxc5 27. Qa3
Rc7 28. e5 Nd5 29. Be4 Bg6 30. Bxg6 Qxg6 31. Rd2 Rdc8 32. Rbd1 h6 33. Qf3 Rc3
34. Qf2 R8c4 35. Rd4 Rc2 36. R1d2 Rxd4 37. Qxd4 Rc1 38. Qb2 Rb1 39. Qd4 Rb4 40.
Qd3 Nxf4 41. Qa3 a5 42. Rd8+ Kh7 43. Qf3 Rb2 44. Qxf4 Rxa2 45. Qd4 Qc2 46. Qd3+
Qxd3 47. Rxd3 b5 48. Nd2 a4 49. Kf2 Rc2 1/2-1/2

[Event "SR 4. liga A21 2008/2009"]
[Site "?"]
[Date "2009.01.18"]
[Round "7.6"]
[White "Bardik, Jozef"]
[Black "Slaby, Jozef"]
[Result "1/2-1/2"]
[WhiteElo "1792"]
[BlackElo "1930"]
[PlyCount "108"]
[EventDate "2008.??.??"]

1. d4 d5 2. c4 e6 3. Nc3 Nf6 4. e3 b6 5. Nf3 Bb7 6. a3 Nbd7 7. Bd3 Be7 8. cxd5
exd5 9. O-O O-O 10. Bd2 Ne4 11. Be1 f5 12. Nd2 Ndf6 13. f3 Nxc3 14. bxc3 Qd7
15. Qc2 Bc8 16. Bf2 c5 17. c4 cxd4 18. exd4 dxc4 19. Nxc4 Qc7 20. Qe2 Bd6 21.
Nxd6 Qxd6 22. Rfe1 Kh8 23. Qb2 Nd5 24. Re4 Nf4 25. Bc4 Bb7 26. Rc1 Qg6 27. Bg3
Nh5 28. Re6 Qg5 29. Qf2 Nxg3 30. hxg3 h6 31. d5 Rad8 32. f4 Qh5 33. d6 Bc8 34.
Re7 Rxd6 35. Rxa7 Rd1+ 36. Rxd1 Qxd1+ 37. Bf1 b5 38. Qe2 Qd4+ 39. Qf2 Qd5 40.
Re7 Qd6 41. Qe3 Bd7 42. Kh2 Ra8 43. Qe5 Qxe5 44. Rxe5 Rb8 45. Kh3 Kg8 46. Be2
Kf7 47. g4 b4 48. axb4 Rxb4 49. g3 Kf6 50. gxf5 Bxf5+ 51. Bg4 Bd3 52. Re3 Bf1+
53. Kh2 Rb2+ 54. Kg1 Bc4 1/2-1/2

[Event "SR 4. liga A21 2008/2009"]
[Site "?"]
[Date "2009.01.18"]
[Round "7.6"]
[White "Kupkovic, Miroslav"]
[Black "Matejovic, Ludovit"]
[Result "1/2-1/2"]
[WhiteElo "1690"]
[BlackElo "1592"]
[PlyCount "69"]
[EventDate "2008.??.??"]

1. d4 d5 2. c4 e6 3. Nc3 Nc6 4. c5 b6 5. cxb6 cxb6 6. a3 Nf6 7. Nf3 Bd6 8. Bg5
h6 9. Bh4 g5 10. Bg3 Bxg3 11. hxg3 Ne4 12. e3 Nxc3 13. bxc3 Bd7 14. Rc1 Qe7 15.
Qb3 Rc8 16. Ba6 Rc7 17. Ke2 Na5 18. Qa2 Nc4 19. Bxc4 Rxc4 20. Ne5 Ra4 21. Nxd7
Kxd7 22. Ra1 b5 23. Qb3 a6 24. Rh5 f6 25. Kd3 Qh7+ 26. Kd2 Qg6 27. Rah1 Qf5 28.
Ke2 Qg6 29. f3 f5 30. Qb2 Ke7 31. Kd2 Kf6 32. Qa1 Ke7 33. Qb2 Qf7 34. f4 g4 35.
R5h2 1/2-1/2

[Event "SR 4. liga A21 2008/2009"]
[Site "?"]
[Date "2009.01.18"]
[Round "7.6"]
[White "Nedorost, Lubomir"]
[Black "Piestansky, Jan"]
[Result "1-0"]
[WhiteElo "1588"]
[BlackElo "1597"]
[PlyCount "89"]
[EventDate "2008.??.??"]

1. e4 e5 2. Nc3 d6 3. Bc4 h6 4. d3 Nf6 5. f4 exf4 6. Bxf4 Be7 7. Nf3 a6 8. Qd2
Nc6 9. O-O-O Be6 10. e5 Nh7 11. exd6 Bxd6 12. Rhe1 Qd7 13. Ne4 O-O-O 14. Bxe6
fxe6 15. Nxd6+ cxd6 16. Qc3 e5 17. Be3 Kb8 18. Bb6 Rc8 19. Qa3 Nf6 20. Nd2 d5
21. Nb3 Rhe8 22. Nc5 Qf7 23. Na4 Nd7 24. Qd6+ Ka8 25. Rf1 Qe6 26. Qa3 Na7 27.
Qb3 Rc6 28. Bg1 Rec8 29. Rd2 Nb5 30. Kb1 Qd6 31. h3 Rf8 32. Rxf8+ Qxf8 33. Rf2
Qd6 34. Rf7 g5 35. Rh7 Rc8 36. Rxd7 Rf8 37. Be3 Qe6 38. Qxd5 Rf1+ 39. Bc1 Qxd5
40. Rxd5 Nd4 41. Rxe5 Rf2 42. c4 Rxg2 43. c5 Rg3 44. Re8+ Ka7 45. Nb6 1-0

[Event "SR 4. liga A21 2008/2009"]
[Site "?"]
[Date "2009.01.18"]
[Round "7.6"]
[White "Pripko, Bystrik"]
[Black "Strapko, Tomas"]
[Result "0-1"]
[WhiteElo "1560"]
[BlackElo "1436"]
[PlyCount "122"]
[EventDate "2008.??.??"]

1. e4 Nf6 2. Nc3 e5 3. Nf3 d6 4. h3 Be6 5. Be2 Be7 6. O-O h6 7. Qe1 O-O 8. d3
c5 9. Nh2 Nc6 10. f4 exf4 11. Bxf4 Nd4 12. Bd1 Nh7 13. Nf3 Nxf3+ 14. Bxf3 Ng5
15. Be2 a6 16. b3 b5 17. Nd5 Bxd5 18. exd5 Bf6 19. Rb1 Re8 20. c4 b4 21. Qd2
Qe7 22. Bg4 Bd4+ 23. Kh1 Be3 24. Qc2 Bxf4 25. Rxf4 Qe3 26. Rbf1 Re7 27. h4 Nh7
28. Bd1 Rae8 29. R4f3 Qd4 30. Qf2 Qxf2 31. R3xf2 Nf6 32. Rf3 Re3 33. Kg1 Rxf3
34. Bxf3 h5 35. Kf2 g6 36. Rd1 Kf8 37. Ra1 Nd7 38. a3 Ne5 39. Be2 a5 40. a4 f5
41. Rd1 Kf7 42. d4 cxd4 43. Rxd4 Rc8 44. Rd1 Nd7 45. Bd3 Nc5 46. Bc2 Re8 47.
Kf3 Kf6 48. Kf2 Re5 49. Rd4 g5 50. hxg5+ Kxg5 51. g3 Nd7 52. Rh4 Nf6 53. Rh1
Ng4+ 54. Kf1 Ne3+ 55. Ke2 Nxc2+ 56. Kd2 Nd4 57. Kd3 Nxb3 58. Rb1 Nc5+ 59. Kd2
Nxa4 60. Ra1 Nc5 61. Rxa5 Nb3+ 0-1

[Event "SR 4. liga A21 2008/2009"]
[Site "?"]
[Date "2009.01.18"]
[Round "7.6"]
[White "Slaby, Marian"]
[Black "Gono, Michal"]
[Result "1/2-1/2"]
[WhiteElo "1860"]
[BlackElo "1854"]
[PlyCount "67"]
[EventDate "2008.??.??"]

1. d4 d5 2. c4 c6 3. e3 Bf5 4. Bd3 Bxd3 5. Qxd3 e6 6. Nf3 Nf6 7. O-O Bd6 8. b3
O-O 9. Bb2 Ne4 10. Nbd2 f5 11. Ne5 Bxe5 12. dxe5 Na6 13. Rad1 Nac5 14. Qc2 Nxd2
15. Rxd2 Ne4 16. Rdd1 Qe7 17. f3 Ng5 18. Qc1 Rfd8 19. c5 h6 20. a4 Qf7 21. b4
Qh5 22. b5 Rd7 23. Bd4 Rf8 24. Qc3 f4 25. exf4 Rxf4 26. Qe1 Rdf7 27. Rd3 Qg6
28. Qd1 Nh3+ 29. Kh1 Ng5 30. bxc6 bxc6 31. Rb3 Qh5 32. Be3 Rh4 33. Bg1 Rhf4 34.
Be3 1/2-1/2

[Event "SR 4. liga A21 2008/2009"]
[Site "?"]
[Date "2009.02.01"]
[Round "8.1"]
[White "Matejovic, Ludovit"]
[Black "Nemeckay, Rastislav"]
[Result "0-1"]
[WhiteElo "1592"]
[BlackElo "1749"]
[PlyCount "54"]
[EventDate "2008.??.??"]

1. e4 e5 2. Nf3 Nf6 3. Nc3 Nc6 4. Bc4 Be7 5. d4 d6 6. dxe5 dxe5 7. Qxd8+ Bxd8
8. O-O Bg4 9. Nd2 Nd4 10. Bb3 O-O 11. f3 Bh5 12. Nc4 Re8 13. Ba4 c6 14. Nd6 Re7
15. Nf5 Rd7 16. Be3 Bb6 17. Bf2 Rad8 18. Nxd4 Bxd4 19. Bxd4 exd4 20. Ne2 Nxe4
21. g4 Nc5 22. Bxc6 bxc6 23. gxh5 Na4 24. Rab1 Nb6 25. Rfd1 Nc4 26. Rd3 c5 27.
b3 Ne5 0-1

[Event "SR 4. liga A21 2008/2009"]
[Site "?"]
[Date "2009.02.01"]
[Round "8.1"]
[White "Nemeckayova, Monika"]
[Black "Lesay, Dominik"]
[Result "0-1"]
[WhiteElo "1505"]
[BlackElo "1584"]
[PlyCount "64"]
[EventDate "2008.??.??"]

1. e4 e5 2. Nf3 d6 3. d4 exd4 4. Nxd4 d5 5. exd5 Qxd5 6. Nc3 Bb4 7. Be3 Bxc3+
8. bxc3 Nf6 9. f3 O-O 10. Bd3 Nc6 11. O-O Re8 12. Re1 Be6 13. Rb1 Rad8 14. Bb5
Qxa2 15. Ra1 Qb2 16. Bxc6 bxc6 17. Qe2 Qxc3 18. Qf2 a5 19. Red1 Bc4 20. Nf5
Rxd1+ 21. Rxd1 Qe5 22. Rd4 Bb5 23. g4 g6 24. Nh6+ Kg7 25. Bf4 Qc5 26. h4 Re2
27. g5 Rxf2 28. gxf6+ Kxf6 29. Ng8+ Kg7 30. Bh6+ Kh8 31. Rd8 Rxf3+ 32. Kh1 Rf1+
0-1

[Event "SR 4. liga A21 2008/2009"]
[Site "?"]
[Date "2009.02.01"]
[Round "8.1"]
[White "Nemsak, Denis"]
[Black "Tokoly, Daniel"]
[Result "1-0"]
[WhiteElo "1476"]
[BlackElo "1494"]
[PlyCount "107"]
[EventDate "2008.??.??"]

1. e4 e5 2. Nf3 Nc6 3. d4 exd4 4. Nxd4 Bc5 5. Be3 Bb6 6. a3 Nf6 7. Nc3 O-O 8.
Bc4 d6 9. f3 Ne5 10. Ba2 c6 11. O-O Re8 12. Re1 Be6 13. Bxe6 fxe6 14. Qe2 d5
15. exd5 exd5 16. Na4 Nc4 17. Qf2 Nxe3 18. Rxe3 Bxd4 19. Rxe8+ Qxe8 20. Qxd4 b6
21. Nc3 c5 22. Qf2 d4 23. Re1 Qd7 24. Ne4 Nxe4 25. Rxe4 Re8 26. Qe2 Rxe4 27.
Qxe4 h6 28. h3 Kf7 29. Kf2 Qe7 30. g4 Qxe4 31. fxe4 Kf6 32. Ke2 Ke5 33. Kd3 Kf4
34. b3 g5 35. b4 Ke5 36. bxc5 bxc5 37. Kc4 Kxe4 38. Kxc5 Ke3 39. a4 Ke4 40. a5
Ke5 41. Kb5 Kd5 42. Ka6 Kc6 43. Kxa7 Kc7 44. a6 Kc8 45. Kb6 Kb8 46. Kc5 Ka7 47.
Kxd4 Kxa6 48. Kd5 Kb7 49. c4 Kc7 50. Kc5 Kd7 51. Kb6 Kc8 52. Kc6 Kd8 53. Kb7
Kd7 54. c5 1-0

[Event "SR 4. liga A21 2008/2009"]
[Site "?"]
[Date "2009.02.01"]
[Round "8.1"]
[White "Ocko, Martin"]
[Black "Nedorost, Lubomir"]
[Result "1/2-1/2"]
[WhiteElo "1438"]
[BlackElo "1588"]
[PlyCount "79"]
[EventDate "2008.??.??"]

1. e4 c5 2. Nf3 Nc6 3. d4 cxd4 4. Nxd4 d6 5. Nc3 Nf6 6. f3 g6 7. Bc4 Bg7 8. Be3
O-O 9. Qd2 a6 10. O-O-O Qc7 11. Nxc6 Qxc6 12. Bb3 b5 13. Nd5 Nxd5 14. Bxd5 Qc7
15. Bxa8 Bd7 16. Bd5 a5 17. Kb1 a4 18. Bd4 Bxd4 19. Qxd4 Rc8 20. Rc1 Be8 21.
Rhd1 e6 22. Bxe6 fxe6 23. Qxd6 Qf7 24. f4 Rc7 25. Qe5 Qe7 26. Rd6 Bd7 27. Rd3
Rc5 28. Qd4 Be8 29. Qd6 Qa7 30. Qd4 Qe7 31. Qd8 Qf7 32. Rcd1 Rc7 33. e5 Kf8 34.
Qf6 Qxf6 35. exf6 Kf7 36. Re3 Kxf6 37. Rde1 Re7 38. g4 Bd7 39. h4 h6 40. Rf1
1/2-1/2

[Event "SR 4. liga A21 2008/2009"]
[Site "?"]
[Date "2009.02.01"]
[Round "8.1"]
[White "Pagerka, Slavomir"]
[Black "Bardik, Jozef"]
[Result "1/2-1/2"]
[WhiteElo "1848"]
[BlackElo "1792"]
[PlyCount "88"]
[EventDate "2008.??.??"]

1. e4 c6 2. d4 d5 3. e5 Bf5 4. g4 Bg6 5. h4 h6 6. h5 Bh7 7. Bd3 Bxd3 8. Qxd3 e6
9. Nd2 Nd7 10. Nb3 Qc7 11. f4 O-O-O 12. Bd2 c5 13. c4 dxc4 14. Qxc4 Qc6 15. Rh2
Nb6 16. Qe2 c4 17. Na5 Qa4 18. Qe4 Rd5 19. b3 cxb3 20. Nxb3 Kb8 21. Bc3 Bb4 22.
Rc2 Ne7 23. Ne2 Nc6 24. Kf1 Na5 25. Nxa5 Qxa5 26. Bxb4 Qxb4 27. Rac1 Qb5 28.
Kf2 Qd7 29. Rd2 Ra5 30. f5 Nd5 31. Nf4 Qe7 32. Nxd5 Qh4+ 33. Kg2 Rxd5 34. Rdc2
Qd8 35. Rc4 a6 36. a4 Qd7 37. Rb4 Rc8 38. Rxc8+ Qxc8 39. fxe6 fxe6 40. Qd3 Qc6
41. Kg3 Ka7 42. Rc4 Qb6 43. Qc3 Qb1 44. Qe3 Qd1 1/2-1/2

[Event "SR 4. liga A21 2008/2009"]
[Site "?"]
[Date "2009.02.01"]
[Round "8.2"]
[White "Hrubsa, Marian"]
[Black "Piestansky, Jan"]
[Result "1-0"]
[WhiteElo "1909"]
[BlackElo "1597"]
[PlyCount "73"]
[EventDate "2008.??.??"]

1. e4 e5 2. Nf3 d6 3. d4 exd4 4. Nxd4 h6 5. Nc3 Be7 6. Bc4 Nf6 7. O-O O-O 8. f4
Bd7 9. Qf3 Nc6 10. Be3 a6 11. a4 Nxd4 12. Bxd4 Bc6 13. Bd3 Qd7 14. Nd5 Bxd5 15.
exd5 Qg4 16. Qe3 Rfe8 17. c4 Bf8 18. Qd2 Ne4 19. Qc2 f5 20. Rae1 Qg6 21. Re3
Re7 22. Bxe4 Rxe4 23. Rxe4 fxe4 24. f5 Qg4 25. Qc3 Re8 26. Qe3 Kh7 27. Bc3 Qg5
28. Rf4 b6 29. h4 Qh5 30. Rxe4 Rxe4 31. Qxe4 Qd1+ 32. Kh2 Qxa4 33. f6+ Kh8 34.
Qg4 gxf6 35. Bxf6+ Kh7 36. Qf5+ Kg8 37. Qg6+ 1-0

[Event "SR 4. liga A21 2008/2009"]
[Site "?"]
[Date "2009.02.01"]
[Round "8.2"]
[White "Kubis, Ivan"]
[Black "Kupkovic, Miroslav"]
[Result "1/2-1/2"]
[WhiteElo "2042"]
[BlackElo "1690"]
[PlyCount "68"]
[EventDate "2008.??.??"]

1. e4 c6 2. d4 d5 3. Nc3 dxe4 4. Nxe4 Bf5 5. Ng3 Bg6 6. h4 h6 7. Nf3 Nd7 8. h5
Bh7 9. Bd3 Bxd3 10. Qxd3 Ngf6 11. Bd2 e6 12. O-O-O Qc7 13. Ne4 Nxe4 14. Qxe4
Nf6 15. Qe2 Bd6 16. g3 O-O-O 17. c4 Qe7 18. Ne5 Nd7 19. f4 Nxe5 20. dxe5 Bb4
21. Be3 Bc5 22. Kc2 Bxe3 23. Qxe3 Kb8 24. Kc3 Rxd1 25. Rxd1 Rd8 26. Rxd8+ Qxd8
27. Qd4 Qxd4+ 28. Kxd4 Kc7 29. g4 a5 30. b4 axb4 31. Kc5 f6 32. Kxb4 fxe5 33.
fxe5 Kb6 34. a4 c5+ 1/2-1/2

[Event "SR 4. liga A21 2008/2009"]
[Site "?"]
[Date "2009.02.01"]
[Round "8.2"]
[White "Planka, Peter"]
[Black "Prvy, Alojz"]
[Result "1-0"]
[WhiteElo "1350"]
[BlackElo "1546"]
[PlyCount "117"]
[EventDate "2008.??.??"]

1. e4 e5 2. Nf3 Nc6 3. Bb5 d6 4. d4 Bd7 5. O-O h6 6. dxe5 Nxe5 7. Nxe5 Bxb5 8.
Nxf7 Kxf7 9. Qd5+ Ke7 10. Qxb5 b6 11. Nc3 Qd7 12. Nd5+ Kd8 13. Qxd7+ Kxd7 14.
b3 c6 15. Nf4 Ne7 16. Bb2 Rg8 17. Rad1 g6 18. Ba3 Nc8 19. e5 c5 20. exd6 Bxd6
21. Nd5 Rf8 22. Bb2 Kc6 23. Rfe1 Rf5 24. c4 a6 25. Re6 Rh5 26. h3 b5 27. Ne7+
Kd7 28. Nxc8 Kxe6 29. Rxd6+ Kf7 30. Rf6+ Ke8 31. Nd6+ Kd7 32. Kh2 g5 33. g4 Rh4
34. Nf5 Re8 35. Rd6+ Kc7 36. Rd2 bxc4 37. bxc4 Re4 38. Nxh4 gxh4 39. Rc2 Kb6
40. Bf6 h5 41. f3 Rf4 42. Bd8+ Kc6 43. Rc3 hxg4 44. hxg4 Rd4 45. Kh3 Rxd8 46.
Kxh4 Rh8+ 47. Kg5 Rh2 48. a3 Kd6 49. Kf5 Re2 50. f4 Ke7 51. g5 Kf7 52. g6+ Kg7
53. Rb3 Re7 54. Rb6 a5 55. Rc6 a4 56. Rxc5 Kh6 57. Rc8 Kg7 58. Kg5 Ra7 59. f5
1-0

[Event "SR 4. liga A21 2008/2009"]
[Site "?"]
[Date "2009.02.01"]
[Round "8.2"]
[White "Pripko, Bystrik"]
[Black "Kubik, Peter"]
[Result "1/2-1/2"]
[WhiteElo "1560"]
[BlackElo "1491"]
[PlyCount "80"]
[EventDate "2008.??.??"]

1. e4 e5 2. Nf3 Nc6 3. Bc4 Bc5 4. Nc3 d6 5. h3 Nf6 6. a3 Nd4 7. d3 Be6 8. Bg5
c6 9. Ba2 h6 10. Be3 Qd7 11. Na4 Nxf3+ 12. Qxf3 Bxe3 13. Qxe3 Nh5 14. Nc3 Nf4
15. Qg3 O-O-O 16. Bxe6 Qxe6 17. Ne2 Nxe2 18. Kxe2 g5 19. Qg4 Rhf8 20. Qxe6+
fxe6 21. f3 h5 22. c4 Rf7 23. b4 Rdf8 24. Raf1 a6 25. a4 b5 26. cxb5 cxb5 27.
axb5 axb5 28. Rc1+ Kb7 29. Rhf1 Ra8 30. Ra1 Rxa1 31. Rxa1 Rf8 32. g3 Re8 33.
Kd2 Rf8 34. Ke2 Rc8 35. Kd2 Rg8 36. Ra5 Kb6 37. Ke3 h4 38. g4 d5 39. Ra2 Rc8
40. Kd2 d4 1/2-1/2

[Event "SR 4. liga A21 2008/2009"]
[Site "?"]
[Date "2009.02.01"]
[Round "8.2"]
[White "Vagovic, Milan"]
[Black "Vach, Jozef"]
[Result "0-1"]
[WhiteElo "1667"]
[BlackElo "1917"]
[PlyCount "90"]
[EventDate "2008.??.??"]

1. d4 Nf6 2. c4 e6 3. Nc3 d5 4. Nf3 Nbd7 5. e3 c6 6. Bd3 Be7 7. O-O O-O 8. Qc2
h6 9. Re1 b6 10. a3 a5 11. b3 Ba6 12. Bb2 Qc7 13. e4 dxe4 14. Nxe4 Rac8 15.
Rac1 Rfe8 16. h3 Nxe4 17. Bxe4 Nf6 18. Bd3 Bb7 19. Qe2 c5 20. dxc5 Qxc5 21. Ra1
Qc6 22. Rac1 Red8 23. c5 bxc5 24. b4 axb4 25. axb4 Qd6 26. Red1 Nd5 27. bxc5
Qb8 28. Be5 Qa7 29. Bd4 Bc6 30. Ra1 Qd7 31. Ne5 Qe8 32. Ra7 Nf4 33. Qg4 Rxd4
34. Bh7+ Kxh7 35. Rxd4 Nd5 36. Qf3 Bxc5 37. Rc4 Bxa7 38. Nxf7 Nf6 39. Qd3+ Be4
40. Rxe4 Nxe4 41. Qxe4+ g6 42. Nd6 Rc1+ 43. Kh2 Bb8 44. Qb7+ Kg8 45. Qb4 Rc6
0-1

[Event "SR 4. liga A21 2008/2009"]
[Site "?"]
[Date "2009.02.01"]
[Round "8.3"]
[White "Adamec, Jozef"]
[Black "Gavlas, Jakub"]
[Result "1-0"]
[WhiteElo "1461"]
[BlackElo "1422"]
[PlyCount "59"]
[EventDate "2008.??.??"]

1. e4 e5 2. Nf3 Nc6 3. Bc4 Bc5 4. a3 a5 5. Nc3 d6 6. h3 Nf6 7. d3 h6 8. Ne2 Qe7
9. Bd2 Bd7 10. Ng3 Be6 11. Bb5 a4 12. c4 Bd7 13. Bxc6 Bxc6 14. Nf5 Qf8 15. Be3
g6 16. Ng3 Bxe3 17. fxe3 h5 18. Qc2 h4 19. Ne2 Qh6 20. Qd2 g5 21. Nh2 g4 22.
hxg4 Qg5 23. O-O-O Nxg4 24. Nxg4 Qxg4 25. Nc3 f5 26. Rdf1 fxe4 27. d4 exd4 28.
Qxd4 Kd7 29. Rf7+ Ke6 30. Qf6# 1-0

[Event "SR 4. liga A21 2008/2009"]
[Site "?"]
[Date "2009.02.01"]
[Round "8.3"]
[White "Havel, Filip"]
[Black "Selko, Jaroslav"]
[Result "0-1"]
[WhiteElo "1399"]
[BlackElo "1420"]
[PlyCount "49"]
[EventDate "2008.??.??"]

1. e4 e5 2. Nf3 d6 3. Nc3 a6 4. Bc4 h6 5. O-O Nf6 6. d3 Nc6 7. Nd5 Nxd5 8. Bxd5
Nb4 9. Bb3 Be7 10. h3 Nc6 11. c3 Na5 12. Bd5 c6 13. Bb3 Nxb3 14. Qxb3 O-O 15.
d4 Qc7 16. dxe5 Be6 17. exd6 Bxd6 18. Qc2 c5 19. Rd1 Rad8 20. b3 Bf4 21. Rxd8
Rxd8 22. Bb2 c4 23. g3 Bxg3 24. fxg3 Qxg3+ 25. Qg2 {
Zvysok partie sa neda zrekonstruovat} 0-1

[Event "SR 4. liga A21 2008/2009"]
[Site "?"]
[Date "2009.02.01"]
[Round "8.3"]
[White "Kurinec, Jozef"]
[Black "Danada, Tomas"]
[Result "1/2-1/2"]
[WhiteElo "1757"]
[BlackElo "1733"]
[PlyCount "41"]
[EventDate "2008.??.??"]

1. e4 c6 2. d4 d5 3. exd5 cxd5 4. Nf3 Nc6 5. c3 Nf6 6. h3 Bf5 7. Bd3 Bxd3 8.
Qxd3 e6 9. Bg5 Be7 10. Nbd2 O-O 11. O-O Nd7 12. Bxe7 Nxe7 13. Rfe1 Re8 14. Ng5
Nf5 15. Ngf3 Re7 16. Ne5 Nxe5 17. Rxe5 Qb6 18. Rae1 Rae8 19. Nb3 Nd6 20. R5e2
Ne4 21. Qe3 1/2-1/2

[Event "SR 4. liga A21 2008/2009"]
[Site "?"]
[Date "2009.02.01"]
[Round "8.3"]
[White "Mudroch, Martin"]
[Black "Dedacek, Miroslav"]
[Result "1/2-1/2"]
[WhiteElo "1446"]
[BlackElo "1630"]
[PlyCount "40"]
[EventDate "2008.??.??"]

1. e4 c5 2. Nf3 Nc6 3. d4 cxd4 4. Nxd4 g6 5. Nc3 Bg7 6. Be3 d6 7. Qd2 Nf6 8.
Bb5 Bd7 9. Nf3 a6 10. Bd3 O-O 11. Bh6 d5 12. Nxd5 Re8 13. Nxf6+ Bxf6 14. c3 Ne5
15. Nxe5 Bxe5 16. h4 Bg7 17. h5 Bxh6 18. Qxh6 g5 19. Qxg5+ Kh8 20. g4 Rg8
1/2-1/2

[Event "SR 4. liga A21 2008/2009"]
[Site "?"]
[Date "2009.02.01"]
[Round "8.3"]
[White "Pericka, Pavol"]
[Black "Kicinja, Jan"]
[Result "0-1"]
[WhiteElo "1735"]
[BlackElo "1806"]
[PlyCount "49"]
[EventDate "2008.??.??"]

1. e4 c5 2. Bc4 e6 3. Qe2 Nc6 4. Nf3 a6 5. a4 Qc7 6. O-O Nf6 7. Nc3 Nd4 8. Nxd4
cxd4 9. Nd1 Nxe4 10. Bxe6 dxe6 11. Qxe4 Bc5 12. c3 e5 13. b4 Ba7 14. Bb2 Qd6
15. Re1 dxc3 16. Qxe5+ Qxe5 17. Rxe5+ Be6 18. dxc3 Rd8 19. Ne3 O-O 20. Rc1 Rd2
21. Ba1 Rfd8 22. Kf1 Ra2 23. c4 Rdd2 24. Nd1 Bxf2 25. Bc3 0-1

[Event "SR 4. liga A21 2008/2009"]
[Site "?"]
[Date "2009.02.01"]
[Round "8.4"]
[White "Beran, Jan ml"]
[Black "Kovarik, Oto"]
[Result "1-0"]
[WhiteElo "1757"]
[BlackElo "2052"]
[PlyCount "83"]
[EventDate "2008.??.??"]

1. e4 c5 2. Nf3 d6 3. d4 cxd4 4. Nxd4 a6 5. Nc3 e6 6. Be3 Nf6 7. Qd2 Be7 8.
O-O-O Qc7 9. f3 Nc6 10. Kb1 Bd7 11. g4 h6 12. h4 O-O-O 13. Be2 h5 14. g5 Ne8
15. Na4 Nxd4 16. Qxd4 Bxa4 17. Qxa4 d5 18. Rd3 Kb8 19. Qd4 b5 20. Rb3 e5 21.
Qa4 Rd6 22. Bxb5 axb5 23. Rxb5+ Kc8 24. Qa8+ Kd7 25. Rb7 d4 26. Bd2 Qxb7 27.
Qxb7+ Nc7 28. f4 exf4 29. Bxf4 Rc6 30. Bxc7 Rxc7 31. Qd5+ Ke8 32. Rf1 Rf8 33.
Qxd4 g6 34. Qa4+ Kd8 35. Rd1+ Bd6 36. Rxd6+ Ke7 37. Qb4 Rfc8 38. Rd5+ Ke8 39.
Re5+ Kd8 40. Qf8+ Kd7 41. Qxf7+ Kc6 42. Qxg6+ 1-0

[Event "SR 4. liga A21 2008/2009"]
[Site "?"]
[Date "2009.02.01"]
[Round "8.4"]
[White "Cerovsky, Marian"]
[Black "Tokos, Rastislav"]
[Result "0-1"]
[WhiteElo "1805"]
[BlackElo "1931"]
[PlyCount "197"]
[EventDate "2008.??.??"]

1. e4 e5 2. Nc3 Nf6 3. Bc4 Nc6 4. a3 Bc5 5. d3 d6 6. h3 Be6 7. Bxe6 fxe6 8. Na4
Bb6 9. Nxb6 axb6 10. c3 O-O 11. Nf3 Qd7 12. O-O Rad8 13. Qc2 h6 14. Be3 Qf7 15.
Nh2 g5 16. Qe2 Kh7 17. Ng4 Ne7 18. Nxf6+ Qxf6 19. Rad1 Ng6 20. g3 Qf3 21. Qxf3
Rxf3 22. Kg2 Rdf8 23. b4 b5 24. Ra1 R3f7 25. a4 bxa4 26. Rxa4 Rd7 27. Ra7 c6
28. Rfa1 Ne7 29. Rh1 Kg6 30. h4 d5 31. hxg5 hxg5 32. Bc5 Re8 33. Rh2 Ng8 34.
Rh8 Kg7 35. Rh5 Kg6 36. Rh8 g4 37. Ra1 Nf6 38. Rh4 dxe4 39. dxe4 Nxe4 40. Be3
Nf6 41. Rh6+ Kf5 42. Ra5 Nd5 43. Rh5+ Kf6 44. Bc1 b5 45. Bb2 Nb6 46. Ra6 Nc4
47. Bc1 Rc8 48. Rh6+ Kf5 49. Rh5+ Ke4 50. Rg5 Rd1 51. Rxg4+ Kf5 52. Rxc4 bxc4
53. Be3 Rd3 54. Ra3 Ke4 55. Bc5 Rdd8 56. Ra1 Rd5 57. Re1+ Kd3 58. Re3+ Kd2 59.
Be7 Rd3 60. Rxe5 Kxc3 61. Rxe6 Kb3 62. Bg5 Kxb4 63. f4 c3 64. f5 c2 65. f6 c5
66. g4 Rf8 67. Bc1 Rd1 68. Bf4 c1=Q 69. Bxc1 Rxc1 70. g5 Ra1 71. g6 Ra7 72. g7
Rg8 73. Kf3 Rgxg7 74. fxg7 Rxg7 75. Ke2 Rd7 76. Rb6+ Kc3 77. Rc6 c4 78. Rb6 Kc2
79. Ke1 Re7+ 80. Kf2 c3 81. Kf1 Kd2 82. Rd6+ Kc1 83. Rd5 c2 84. Rb5 Re4 85. Kf2
Kd2 86. Rd5+ Kc3 87. Rc5+ Rc4 88. Rh5 c1=Q 89. Rh3+ Kb2 90. Rd3 Qf4+ 91. Rf3
Qxf3+ 92. Kxf3 Ra4 93. Ke3 Kc3 94. Ke2 Re4+ 95. Kf2 Kd2 96. Kf3 Kd3 97. Kf2
Rf4+ 98. Kg3 Ke3 99. Kg2 0-1